| 000 | 01164aam a2200337 i 4500 | ||
|---|---|---|---|
| 001 | 768714001 | ||
| 003 | CO-MdFUSB | ||
| 005 | 20201204121729.0 | ||
| 007 | ta | ||
| 008 | 200513t1943 enk |||| |||| 00| 0 eng d | ||
| 020 | _a[No incluye ISBN] | ||
| 040 |
_bspa. _aCO-MdFUSB _cCO-MdFUSB _dCO-MdFUSBC _erda |
||
| 041 | _aeng | ||
| 082 |
_223 _a226.5 _bH853 |
||
| 100 | 1 |
_aHoward, W. F. _eautor |
|
| 245 | 1 | 0 |
_aChristianity according to St. John _c/ W. F. Howard |
| 264 | 1 |
_aLondres : _bDuckworth, _c[1943] |
|
| 264 | 4 | _c© 1943 | |
| 300 |
_a221 páginas _c; 19 cm |
||
| 336 |
_atexto _btxt _2rdacontent |
||
| 337 |
_2rdamedia _asin mediación _bn |
||
| 338 |
_2rdacarrier _avolumen _bnc |
||
| 490 | _aStudies in theology series. | ||
| 505 | _aEl cristianismo de Juan - El "logos" de la vida - Padre, Hijo y Espíritu Santo - Hombre, pecado y salvación - Escatología y misticismo - Iglesia, ministro y sacramentos - Fe, conocimiento y amor - El camino, la verdad y la vida | ||
| 563 | _aPasta dura | ||
| 630 | 7 |
_aBiblia. _pJuan _xCrítica, interpretación, etc. |
|
| 650 | 0 |
_916 _aBiblia |
|
| 942 | _cBK | ||
| 945 | _aJTF-925 | ||
| 999 |
_c45792 _d45792 |
||